000 00720nam a2200241Ia 4500
003 OSt
005 20220923224408.0
006 a|||||r|||| 00| 0
007 ta
008 Pun
024 _a231,936
037 _cTextual
040 _aARTS
_cARTS
_bPun
041 _2Pun
_aPun
082 _aO153,1:g, J0;J7
100 _aਸਿੰਘ, ਪਿਆਰਾ
245 0 _aਪੰਜਾਬੀ ਕਵਿਤਾ
_b ਪਰੰਪਰਾ ਤੇ ਵਿਕਾਸ
260 _aਲੁਧਿਆਣਾ
_b ਲਾਹੌਰ ਬੁਕ Fਾਪ
300 _a232ਪੰ
_ccm.
650 _aਪੰਜਾਬੀ ਸਾਹਿਤ
942 _hO153,1:g, J0;J7
_cTEXL
_2CC
999 _c371144
_d371144